000 00471nam a2200157Ia 4500
008 240729s9999 xx 000 0 und d
022 _a1943-8168
245 0 _aJournal of Integrative Environmental Sciences
260 _aUnited Kingdom
260 _bTaylor & Francis Group
650 _a Environmental sciences
650 _aGeography. Anthropology. Recreation
856 _uhttps://doaj.org/toc/b5550e6ce0ec49f89528e217455544c3
942 _2ddc
942 _cDOAJEJ
999 _c69552
_d69552
945 _a1
_bMadushi Gamage
_c1
_dMadushi Gamage